00403nam a2200109 a 4500008004100000050001900041100002000060245003600080246007500116260009300191350000900284120416s2002 ||||||||||||||||| || u aTHESIS/STUDENT aMbawo, Nyalinda10aBusiness process re-engineering aa tool for the success and growth of the Zambian construction industry aKitwebCopperbelt University, School of Built Environment, Department of Surveyingc2002 a0.00